000 00304nam a2200133Ia 4500
008 220216s9999 xx 000 0 und d
245 0 _aRubber growing in Papua and New Guinea
260 _bPlanter
_c1957
300 _a513
650 _aNew Guinea
650 _aPapua
650 _aRubber
942 _cJS
999 _c67636
_d67636